| 000 | 00917nam a22002655a 4500 | ||
|---|---|---|---|
| 008 | 950208s1992 fr 000 0 fre | ||
| 010 | _a95114280 | ||
| 020 |
_a2110812257 : _c399F |
||
| 040 |
_aDLC _cDLC |
||
| 043 | _ae-fr--- | ||
| 050 | 0 | 0 | _aACQUISITION IN PROCESS |
| 092 | 0 | 4 |
_a330.944082 _bB746 _221 |
| 099 |
_a04 _a330.944082 B746 |
||
| 100 | 1 | _aBossuat, Gaerard. | |
| 245 | 1 | 3 |
_aLa France, l'aide amaericaine et la construction europeenne : 1944-1954 / _cGaerard Bossuat ; praef. du Pr. Renae Girault ; avant-propos de Pierre Uri |
| 260 |
_aParis : _bImpr. nationale, _c1992. |
||
| 300 |
_a2 v., _c24cm. |
||
| 440 | 0 |
_aHistoire aeconomique et financiere de la France : aetudes gaenaerales, _vISSN 1151-9037 |
|
| 651 | 0 |
_afrance _xEconomic conditions _y1945- |
|
| 902 | _a1 | ||
| 905 |
_aEman _eRev. |
||
| 905 |
_aRabab _eCat. |
||
| 942 |
_2ddc _cBK |
||
| 999 |
_c147902 _d147902 |
||